000 01962nam0a2200397 4500
001 RU\NLR\BIBL_A\012519039
005 20250624055047.0
010 _a978-5-600-02715-2
_9200
021 _aRU
_b2020-88966
_9КН-П-6763
035 _a(RuMoRGB)010541618
035 _a(NLR Aleph) 012519039
090 _a12315289
_c12315289
100 _a20210517d2020 |||y0rusy50 ca
101 0 _arus
102 _aRU
105 _aach|z|||000zb
181 0 _ai3
_baxxe
181 0 _ab2
_bxb2e
182 0 _an
200 1 _aТатьяна Васильевна Савинская
_eдело жизни в зеркале писем и воспоминаний
_e[сборник]
_fавтор-составитель: И. В. Балакова
_gвступительная статья, биографическая справка Е. А. Савинской и Вл. Е. Савинского
203 _aТекст
_bвизуальный
_cнепосредственный
210 _aСанкт-Петербург
_cBlack studio
_d2020
215 _a203, [1] с.
_cил., цв. ил., портр., факс.
_d29
300 _aЗагл. корешка: Савинская Татьяна Васильевна
316 _aИмен. указ., указанный в конце кн., отсутствует
_5NLR
320 _aБиблиогр. в подстроч. примеч.
516 1 _aСавинская Татьяна Васильевна
600 1 _aСавинская
_bТ. В.
_f1896 - 1988
_gТатьяна Васильевна
_jДокументы и материалы
_92481939
_3RU\NLR\AUTH\6601689839
686 1 _aЩ153(2Р=Рус)7-8Савинская
702 1 _aБалакова
_bИ. В.
_gИрина Васильевна
_4220
702 1 _aСавинская
_bТ. В.
_f1896-1988
_gТатьяна Васильевна
_4280
942 _cBOOK
980 _aNBR
980 _aNB